000 00403nam a2200133Ia 4500
008 220217s9999 xx 000 0 und d
245 0 _aIndian Standard: Symbols for rubbers and latices
260 _aNew Delhi
260 _c1972
_bIndian Standards Institution
490 _aRubber terminology subcommittee, CDC 42:3
500 _aStandard number: IS 6611
650 _aRubber terminology
942 _cST
999 _c73896
_d73896